| 000 | 01117cab a2200229 4500 | ||
|---|---|---|---|
| 001 | X1465 | ||
| 008 | 090401t1994 xxu||||| |||| 00| 0 eng d | ||
| 035 | _a(Sirsi) u17258 | ||
| 041 | _aeng | ||
| 245 | _aJL Engineering Ltd and another v SoS Environment and Warrington BC | ||
| 260 | _c1994 | ||
| 350 | _a0 | ||
| 490 |
_aJournal of Planning and Environment Law _v(1994) JPL 453-459(7) |
||
| 520 | _aCA 16 June 1994 established uses - industrial use - change to agriculture - subsequent reversion to industrial use - planning history of the site back to 1930 - whether lawful existing use lost as a result of a change of use to agriculture - concept of one use supplanting or superseding another avoids problem of spent permission - de facto position was clear - the subsequent industrial use was unlawful. (Headnote from Journal). | ||
| 650 | _aCHANGE OF USE | ||
| 650 | _aJL ENGINEERING AND ANOTHER V SOS ENVIRONMENT | ||
| 650 | _aPIONEER AGGREGATES (UK) LTD V SOS ENVIRONMENT & ORS | ||
| 650 | _aPLANNING PERMISSION | ||
| 690 | _aPLANNING LAW AND PRACTICE-CASE LAW | ||
| 942 | _n0 | ||
| 948 | _c04/03/1997 | ||
| 999 |
_c11443 _d11443 |
||